| 000 | 00671nam a2200241Ia 4500 | ||
|---|---|---|---|
| 003 | IN-BaIIA | ||
| 008 | 211028s9999 xx 000 0 eng d | ||
| 020 | _a978-0-470-56158-4 | ||
| 040 | _cIIA Library | ||
| 080 |
_a53 _bHAL |
||
| 100 | _aHalliday, David | ||
| 245 | 0 |
_aPrinciples of physics _cDavid Halliday, Robert Resnick and Jearl Walker |
|
| 250 | _a9th ext. ed. | ||
| 260 |
_aNew Jersey _bJohn Wiley & Sons _c2011 |
||
| 300 | _axxii, 1248p. | ||
| 650 |
_aForce and motion _934686 |
||
| 650 |
_aMeasurement _934687 |
||
| 650 |
_aPhysics _973 |
||
| 650 |
_aVectors _925871 |
||
| 700 |
_aResnick, Robert _97993 |
||
| 700 |
_aWalker, Jearl _99425 |
||
| 942 | _cBK | ||
| 999 |
_c18147 _d18147 |
||